Manual de horticultura / (Record no. 128736)

MARC details
000 -LEADER
campo de control de longitud fija 00654nam a2200217 i 4500
001 - NÚMERO DE CONTROL
campo de control 128736
003 - IDENTIFICADOR DE NÚMERO DE CONTROL
campo de control ES-MaACL
005 - FECHA Y HORA DE LA ÚLTIMA TRANSACCIÓN
campo de control 20251012192026.0
007 - CAMPO FIJO DE DESCRIPCIÓN FÍSICA--INFORMACIÓN GENERAL
campo de control de longitud fija t|
008 - DATOS DE LONGITUD FIJA--INFORMACIÓN GENERAL
campo de control de longitud fija 070524s1974 sp ||||1| spa d
080 ## - NÚMERO DE LA CLASIFICACIÓN DECIMAL UNIVERSAL
Número de la Clasificación Decimal Universal 635(02)
100 1# - ENTRADA PRINCIPAL--NOMBRE DE PERSONA
Nombre de persona Tamaro, Domenico.
9 (RLIN) 109151
245 10 - MENCIÓN DEL TÍTULO
Título Manual de horticultura /
Mención de responsabilidad, etc. por Domenico Tamaro ; versión del italiano por Arturo Caballero.
250 ## - MENCION DE EDICION
Mención de edición 7ª tirada.
260 ## - PUBLICACIÓN, DISTRIBUCIÓN, ETC.
Lugar de publicación, distribución, etc. Barcelona :
Nombre del editor, distribuidor, etc. Gustavo Gili,
Fecha de publicación, distribución, etc. [1974]
300 ## - DESCRIPCIÓN FÍSICA
Extensión 510 p. :
Otras características físicas il. ;
Dimensiones 21 cm.
650 14 - PUNTO DE ACCESO ADICIONAL DE MATERIA--TÉRMINO DE MATERIA
Término de materia o nombre geográfico como elemento de entrada Horticultura.
9 (RLIN) 13480
700 1# - ENTRADA AGREGADA--NOMBRE PERSONAL
Nombre de persona Caballero y Segares, Arturo
9 (RLIN) 33070
852 ## - LOCALIZACIÓN
Ubicación ES-MaACL
Número de control de estantería A-6025
Sublocalización o colección R.94996
Holdings
Estatus retirado Estado de pérdida Estado de daño No para préstamo Biblioteca de origen Biblioteca actual Ubicación en estantería Fecha de adquisición Fuente de adquisición Total de préstamos Signatura topográfica completa Código de barras Visto por última vez Precio de reemplazo Tipo de ítem Koha
        Biblioteca del Ateneo de Madrid Biblioteca del Ateneo de Madrid Sala Pecera Planta 1 17/01/2008     A-6025 1134069 23/02/2023 23/02/2023 Libro impreso